Statistics for Italian cities - Largest by Latitude/Longitude block

Click here to take the quiz!

General Stats

  • This quiz has been taken 151 times
  • The average score is 37 of 123

Answer Stats

Lat/LongCity% Correct
41.5-42 - 12-13Roma (2,318k rm)
99%
45-45.5 - 9-10Milano (1,236k mi)
98%
45-45.5 - 7-8Torino (870k to)
97%
40.5-41 - 14-15Napoli (959k na)
96%
38-38.5 - 13-14Palermo (648k pa)
95%
43.5-44 - 11-12Florence (349k fi)
94%
44-44.5 - 8-9Genoa (580k ge)
93%
39-39.5 - 9-10Cagliari (149k ca)
86%
41-41.5 - 16-17Bari (277k ba)
85%
45.5-46 - 13-14Trieste (187k ts)
82%
44-44.5 - 11-12Bologna (366k bo)
81%
45-45.5 - 10-11Verona (219k vr)
75%
37-37.5 - 15-16Catania (290k ct)
72%
43.5-44 - 13-14Ancona (89k an)
70%
38-38.5 - 15-16Messina (219k me)
69%
45-45.5 - 11-12Padova (203k pd)
68%
43.5-44 - 10-11Livorno (153k li)
65%
46-46.5 - 13-14Udine (97k ud)
64%
46-46.5 - 11-12Bolzano (99k bz)
63%
43-43.5 - 12-13Perugia (120k pg)
60%
42-42.5 - 14-15Pescara (116k pe)
59%
44-44.5 - 12-13Rimini (118k rn)
59%
45.5-46 - 10-11Brescia (184k bs)
58%
40-40.5 - 18-19Lecce (80k le)
58%
45.5-46 - 7-8Aosta (32k ao)
57%
40.5-41 - 8-9Sassari (91k ss)
57%
40-40.5 - 17-18Taranto (181k ta)
57%
38.5-39 - 16-17Catanzaro (78k cz)
53%
40.5-41 - 17-18Brindisi (78k br)
51%
41-41.5 - 15-16Foggia (137k fg)
50%
44-44.5 - 9-10La Spezia (88k sp)
50%
44.5-45 - 10-11Modena (158k mo)
50%
44.5-45 - 11-12Ferrara (92k fe)
49%
38-38.5 - 12-13Trapani (58k tp)
48%
40.5-41 - 15-16Potenza (56k pz)
47%
44-44.5 - 7-8Cuneo (46k cn)
46%
40.5-41 - 9-10Olbia (42k ot)
44%
42.5-43 - 11-12Grosseto (60k gr)
43%
44.5-45 - 8-9Alessandria (64k al)
42%
45-45.5 - 8-9Novara (93k no)
41%
40-40.5 - 9-10Nuoro (35k nu)
41%
43.5-44 - 7-8San Remo (47k im)
39%
45.5-46 - 11-12Vicenza (107k vi)
39%
43-43.5 - 11-12Arezzo (76k ar)
37%
39-39.5 - 16-17Cosenza (63k cs)
37%
41-41.5 - 12-13Latina (76k lt)
37%
42-42.5 - 12-13Viterbo (47k vt)
37%
45.5-46 - 12-13Treviso (77k tv)
36%
43.5-44 - 8-9Imperia (38k im)
35%
41-41.5 - 14-15Caserta (72k ce)
34%
45.5-46 - 9-10Monza (119k mb)
34%
36.5-37 - 14-15Ragusa (61k rg)
34%
42.5-43 - 12-13Terni (97k tr)
34%
39.5-40 - 8-9Oristano (24k or)
33%
39-39.5 - 17-18Crotone (48k kr)
32%
41.5-42 - 13-14Frosinone (44k fr)
31%
41.5-42 - 14-15Campobasso (39k cb)
30%
43.5-44 - 12-13Pesaro (77k pu)
30%
44-44.5 - 10-11Massa (64k ms)
28%
46-46.5 - 9-10Sondrio (19k so)
28%
37.5-38 - 12-13Marsala (77k tp)
25%
46-46.5 - 12-13Belluno (25k bl)
23%
35.5-36 - 12-13Lampedusa (4k ag)
23%
37-37.5 - 14-15Gela (73k cl)
18%
42-42.5 - 11-12Civitavecchia (47k rm)
17%
46.5-47 - 12-13Cortina d'Ampezzo (5k bl)
17%
39-39.5 - 8-9Iglesias (22k ci)
17%
46-46.5 - 8-9Domodossola (17k vb)
15%
40.5-41 - 13-14Ischia (18k na)
15%
46.5-47 - 11-12Merano (33k bz)
15%
36.5-37 - 11-12Pantelleria (3k tp)
15%
45-45.5 - 12-13Mestre (147k ve)
13%
42.5-43 - 10-11Piombino (30k li)
12%
42.5-43 - 13-14San Benedetto del Tronto (45k ap)
12%
46.5-47 - 13-14Tarvisio (2k ud)
11%
41-41.5 - 9-10La Maddalena (10k ot)
10%
46.5-47 - 10-11Silandro (4k bz)
10%
45.5-46 - 8-9Busto Arsizio (79k va)
9%
44.5-45 - 6-7Sestriere (838 to)
8%
44.5-45 - 9-10Voghera (36k pv)
7%
41.5-42 - 16-17Vieste (11k fg)
6%
40.5-41 - 16-17Altamura (67k ba)
5%
45-45.5 - 6-7Bardonecchia (2k to)
5%
45.5-46 - 6-7Courmayeur (2k ao)
5%
41.5-42 - 15-16San Severo (54k fg)
5%
43-43.5 - 10-11Cecina (22k li)
4%
43-43.5 - 13-14Civitanova Marche (38k mc)
4%
40.5-41 - 12-13Ponza (1k lt)
4%
39.5-40 - 16-17Rossano (23k cs)
4%
37.5-38 - 13-14Sciacca (36k ag)
4%
38.5-39 - 15-16Tropea (6k vv)
4%
42-42.5 - 13-14Avezzano (37k aq)
3%
42-42.5 - 10-11Isola del Giglio (1k gr)
3%
42-42.5 - 15-16Isole Tremiti (367 fg)
3%
39-39.5 - 15-16Marina (1k cs)
3%
42.5-43 - 14-15Montesilvano Marina (45k pe)
3%
41-41.5 - 13-14Terracina (30k lt)
3%
39.5-40 - 9-10Tortoli (7k og)
3%
39.5-40 - 18-19Tricase (13k le)
3%
38.5-39 - 13-14Ustica (819 pa)
3%
37.5-38 - 15-16Acireale (49k ct)
2%
40-40.5 - 14-15Agropoli (17k sa)
2%
38-38.5 - 14-15Capo d'Orlando (12k me)
2%
38.5-39 - 17-18Isola di Capo Rizzuto (11k kr)
2%
41-41.5 - 17-18Mola di Bari (24k ba)
2%
40-40.5 - 16-17Policoro (11k mt)
2%
44.5-45 - 12-13Porto Tolle (10k ro)
2%
39.5-40 - 15-16Scalea (9k cs)
2%
38-38.5 - 16-17Siderno (15k rc)
2%
46-46.5 - 10-11Tirano (8k so)
2%
37.5-38 - 16-17Brancaleone (3k rc)
1%
43-43.5 - 9-10Capraia Isola (295 li)
1%
36.5-37 - 12-13Kamma (1k tp)
1%
40-40.5 - 8-9Macomer (10k nu)
1%
38.5-39 - 14-15Malfa (797 me)
1%
37.5-38 - 14-15Paternò (46k ct)
1%
40-40.5 - 15-16Sala Consilina (11k sa)
1%
44-44.5 - 6-7Acceglio (68 cn)
0%
36.5-37 - 15-16Avola (28k sr)
0%
37-37.5 - 13-14Licata (36k ag)
0%
44.5-45 - 7-8Nichelino (47k to)
0%
47-47.5 - 12-13Predoi (337 bz)
0%
38.5-39 - 8-9Teulada (3k ca)
0%

Score Distribution

Percentile by Number Answered

Percent of People with Each Score

Your Score History

You have not taken this quiz